Konstrukce šikmých střech /

Na minha lista:
Detalhes bibliográficos
Main Authors: Straka, Bohumil (Author), Novotný, Miloslav a kol (Author)
Formato: Livro
Idioma:tcheco
Publicado em: Praha: Grada Publishing, 2013
Edição:1. vyd.
Colecção:Stavitel
Assuntos:
Tags: Adicionar Tag
Sem tags, seja o primeiro a adicionar uma tag!

MARC

LEADER 00000nam a22000003a 4500
001 0023028
003 SK-STU
005 20170329102814.3
007 ta
008 170329s ----xo-----e------000-0-----d
020 |a 978-80-247-4205-2 
040 |a STU  |b slo 
041 0 |a cze  |h cze 
044 |a xr 
100 1 |a Straka, Bohumil  |4 aut 
245 1 0 |a Konstrukce šikmých střech /  |c aut. Bohumil Straka, Miloslav a kol Novotný 
250 |a 1. vyd. 
260 |a Praha:  |b Grada Publishing,  |c 2013 
300 |a 232 s. 
490 0 |a Stavitel 
650 0 7 |a strešné konštrukcie 
650 0 7 |a šikmé strechy 
650 0 7 |a strešný plášť 
650 0 7 |a odvodnenie 
700 1 |a Novotný, Miloslav a kol.  |4 aut 
996 |b 284V040416  |c V* 52470/O-23627  |l VVT  |s A  |a 24  |w 0023028_0001